000 00562nam a2200181Ia 4500
008 100920s9999 xx 000 0 und d
082 _b31813
_a--- थ 75
100 _aसाधले आनंद.
245 _aकुमार संभव.
260 _bप्रिया प्रकाशन,मुंबई 4.
_c1975
300 _a184
_bसाधी
365 _b15
520 _aकादंबरी.
630 _aकुमार संभव.
650 _aकादंबरी.
730 _aकुमार संभव.
942 _cBOOK
999 _c686924
_d686921